000 00302nam a22001457a 4500
008 221004b ||||| |||| 00| 0 eng d
020 _a9780446580465
041 _aeng
080 _a658
082 _2658
100 _a24.1
101 _aLIDER
245 _aIN CHARGE
_cMUNROE M
942 _2udc
_cBK
999 _c58332
_d58332